<?xml version="1.0" encoding="UTF-8"?>
<record
    xmlns:xsi="http://www.w3.org/2001/XMLSchema-instance"
    xsi:schemaLocation="http://www.loc.gov/MARC21/slim http://www.loc.gov/standards/marcxml/schema/MARC21slim.xsd"
    xmlns="http://www.loc.gov/MARC21/slim">

  <leader>00837nam a22001937a 4500</leader>
  <controlfield tag="008">120815t        xxu||||| |||| 00| 0 eng d</controlfield>
  <datafield tag="020" ind1=" " ind2=" ">
    <subfield code="a">978001476980</subfield>
  </datafield>
  <datafield tag="020" ind1=" " ind2=" ">
    <subfield code="a">0071476989</subfield>
  </datafield>
  <datafield tag="050" ind1=" " ind2=" ">
    <subfield code="a">QA76.9.D35 H83</subfield>
  </datafield>
  <datafield tag="100" ind1=" " ind2=" ">
    <subfield code="a">Hubbard, John R.</subfield>
  </datafield>
  <datafield tag="245" ind1=" " ind2=" ">
    <subfield code="a">Schaum's outlines of data structures with java. /</subfield>
    <subfield code="c">John R. Hubbard</subfield>
  </datafield>
  <datafield tag="250" ind1=" " ind2=" ">
    <subfield code="a">2nd ed.</subfield>
  </datafield>
  <datafield tag="260" ind1=" " ind2=" ">
    <subfield code="a">New York:</subfield>
    <subfield code="b">McGraw Hill,</subfield>
    <subfield code="c">c2007.</subfield>
  </datafield>
  <datafield tag="300" ind1=" " ind2=" ">
    <subfield code="a">xiii, 333 p.:</subfield>
    <subfield code="b">ill</subfield>
    <subfield code="c">27cm.</subfield>
  </datafield>
  <datafield tag="500" ind1=" " ind2=" ">
    <subfield code="a">Includes index.</subfield>
  </datafield>
  <datafield tag="505" ind1=" " ind2=" ">
    <subfield code="a">Contents: Object-oriented programming -- Arrays -- Linked data structures -- The Java collections framework -- Stacks -- Queues -- Lists -- Hash tables -- Recursion -- Trees -- Binary trees -- Search trees -- Heaps and priority queues -- Sorting -- Graphs -- Appendix: essential mathematics.</subfield>
  </datafield>
  <datafield tag="650" ind1=" " ind2=" ">
    <subfield code="b">Data structures(computer science)</subfield>
  </datafield>
  <datafield tag="942" ind1=" " ind2=" ">
    <subfield code="2">lcc</subfield>
    <subfield code="c">BK</subfield>
  </datafield>
  <datafield tag="999" ind1=" " ind2=" ">
    <subfield code="c">2028</subfield>
    <subfield code="d">9528</subfield>
  </datafield>
  <datafield tag="952" ind1=" " ind2=" ">
    <subfield code="0">0</subfield>
    <subfield code="1">0</subfield>
    <subfield code="2">lcc</subfield>
    <subfield code="4">0</subfield>
    <subfield code="7">0</subfield>
    <subfield code="a">WIUC-1</subfield>
    <subfield code="b">WIUC-1</subfield>
    <subfield code="c">GEN</subfield>
    <subfield code="d">2012-08-15</subfield>
    <subfield code="l">0</subfield>
    <subfield code="o">QA76.9.D35 H83</subfield>
    <subfield code="p">4554/12</subfield>
    <subfield code="r">2012-08-15 00:00:00</subfield>
    <subfield code="t">1</subfield>
    <subfield code="w">2012-08-15</subfield>
    <subfield code="y">BK</subfield>
  </datafield>
  <datafield tag="952" ind1=" " ind2=" ">
    <subfield code="0">0</subfield>
    <subfield code="1">0</subfield>
    <subfield code="2">lcc</subfield>
    <subfield code="4">0</subfield>
    <subfield code="7">0</subfield>
    <subfield code="a">WIUC-1</subfield>
    <subfield code="b">WIUC-1</subfield>
    <subfield code="c">GEN</subfield>
    <subfield code="d">2012-08-15</subfield>
    <subfield code="l">0</subfield>
    <subfield code="o">QA76.9.D35 H831</subfield>
    <subfield code="p">4555/12</subfield>
    <subfield code="r">2012-08-15 00:00:00</subfield>
    <subfield code="t">2</subfield>
    <subfield code="w">2012-08-15</subfield>
    <subfield code="y">BK</subfield>
  </datafield>
  <datafield tag="952" ind1=" " ind2=" ">
    <subfield code="0">0</subfield>
    <subfield code="1">0</subfield>
    <subfield code="2">lcc</subfield>
    <subfield code="4">0</subfield>
    <subfield code="7">0</subfield>
    <subfield code="a">WIUC-1</subfield>
    <subfield code="b">WIUC-1</subfield>
    <subfield code="c">GEN</subfield>
    <subfield code="d">2012-08-15</subfield>
    <subfield code="l">0</subfield>
    <subfield code="o">QA76.9.D35 H832</subfield>
    <subfield code="p">4556/12</subfield>
    <subfield code="r">2012-08-15 00:00:00</subfield>
    <subfield code="t">3</subfield>
    <subfield code="w">2012-08-15</subfield>
    <subfield code="y">BK</subfield>
  </datafield>
  <datafield tag="952" ind1=" " ind2=" ">
    <subfield code="0">0</subfield>
    <subfield code="1">0</subfield>
    <subfield code="2">lcc</subfield>
    <subfield code="4">0</subfield>
    <subfield code="7">0</subfield>
    <subfield code="a">WIUC-1</subfield>
    <subfield code="b">WIUC-1</subfield>
    <subfield code="c">GEN</subfield>
    <subfield code="d">2012-08-15</subfield>
    <subfield code="l">0</subfield>
    <subfield code="o">QA76.9.D35 H833</subfield>
    <subfield code="p">4557/12</subfield>
    <subfield code="r">2012-08-15 00:00:00</subfield>
    <subfield code="t">4</subfield>
    <subfield code="w">2012-08-15</subfield>
    <subfield code="y">BK</subfield>
  </datafield>
  <datafield tag="952" ind1=" " ind2=" ">
    <subfield code="0">0</subfield>
    <subfield code="1">0</subfield>
    <subfield code="2">lcc</subfield>
    <subfield code="4">0</subfield>
    <subfield code="7">0</subfield>
    <subfield code="a">WIUC-1</subfield>
    <subfield code="b">WIUC-1</subfield>
    <subfield code="c">GEN</subfield>
    <subfield code="d">2012-08-15</subfield>
    <subfield code="l">0</subfield>
    <subfield code="o">QA76.9.D35 H834</subfield>
    <subfield code="p">4558/12</subfield>
    <subfield code="r">2012-08-15 00:00:00</subfield>
    <subfield code="t">5</subfield>
    <subfield code="w">2012-08-15</subfield>
    <subfield code="y">BK</subfield>
  </datafield>
</record>
